00490 a2200145 4500010001400000020002300014035001300037037001500050082001500065100002400080245006100104260004900165270010100214300002900315 aENG-90164 a8181500741c220.00 aEN-73697 bDBAD / PUB14a899.1551081 aMoulton, James Hope1 aEarly religious poetry of Persia/cby James Hope Moulton aNew DelhibAravali Books Internationalc2007 aW-30, Okhla Industrial Area, Phase II,bNew Delhie110 020k26388830-32mAravali@nde.vsnl.net.in avii, 168p.c22 cm (pbk)